| 000 | 00346 a2200109 4500 | ||
|---|---|---|---|
| 020 | _a0070629250 | ||
| 082 | _a624.17 TAU | ||
| 100 | _aTauchert, Theodore R., | ||
| 245 |
_aEnergy principles in structural mechanics _c[by] Theodore R. Tauchert. |
||
| 260 |
_aNew York, _bMcGraw-Hill _c[1974] |
||
| 300 |
_axii, 380 p. _billus. _c23 cm. |
||
| 650 | _aStructural analysis (Engineering) | ||
| 999 |
_c2193 _d2193 |
||